Bes' Chartering and shipping terms
Αποθηκεύτηκε σε:
| Άλλοι συγγραφείς: | , , |
|---|---|
| Μορφή: | Βιβλίο |
| Γλώσσα: | English |
| Δημοσίευση: |
London :
Barker & Howard,
1992
|
| Έκδοση: | 11th ed. |
| Θέματα: | |
| Ετικέτες: |
Προσθήκη ετικέτας
Δεν υπάρχουν, Καταχωρήστε ετικέτα πρώτοι!
|
MARC
| LEADER | 00000cam a2200000 i 4500 | ||
|---|---|---|---|
| 001 | 1/8483 | ||
| 008 | 000629s1992 eng d | ||
| 020 | |a 0900-133-14-7 | ||
| 035 | |l 10062689 | ||
| 040 | |a GR-MY-UA |b gre |e aacr | ||
| 041 | 0 | |a eng | |
| 082 | 0 | |a Π 387.54403 | |
| 245 | 1 | 0 | |a Bes' Chartering and shipping terms / |c Norman J. Lopez ; foreword by Helmut Sohmen |
| 250 | |a 11th ed. | ||
| 260 | |a London : |b Barker & Howard, |c 1992 | ||
| 300 | |a x, 641 p.; |b ill.; |c 25 cm. | ||
| 500 | |a Includes index | ||
| 650 | 0 | 0 | |a Charter-parties. |
| 650 | 0 | 0 | |a Shipping |x Dictionaries. |
| 650 | 0 | 0 | |a Maritime law |x Dictionaries. |
| 700 | 1 | |a Bes, J. | |
| 700 | 1 | |a Lopez, Norman J. |4 edt | |
| 700 | 1 | |a Sohmen, Helmut. |4 aui | |
| 852 | |a INST |b CHIOS |e 20000629 |h 387.54403 BES |p 005200017655 |q 005200017655 |t REF |y 23 | ||
| 901 | |a BIBL2-2000-2 | ||
| 909 | |a Χ |b 076060 | ||
| 970 | |z 2000/06/ΜΠΡΑΤΤΗΣ | ||